000 00285nam a22001337a 4500
008 170414b xxu||||| |||| 00| 0 eng d
020 _a9780071389181
041 _aeng
080 _a618
100 _a10
101 _aSHM
245 _aNEONATOLOGY
_cCUNNINGHAM,M,D
942 _2udc
_cBK
999 _c10750
_d10750